Pays finalistes de la Coupe du Monde de la FIFA - Mort subite - Statistiques

Statistiques générales
  • Ce quiz a été pris 2 072 fois
    2 036 depuis la dernière actualisation
  • Le résultat moyen est 9 sur 13
Answers on the Grid
Answers color-coded by a green-red scale on the quiz's grid according to % correct below.
France
Brésil
Angleterre
Italie
Argentine
Espagne
Allemagne
Uruguay
Etats Unis
Hongrie
Croatie
Suède
Tchécoslovaquie
Pays-Bas
Belgique
Turquie
Pologne
Portugal
Chili
Corée du Sud
Maroc
Autriche
Mexique
Colombie
Paraguay
Cameroun
Japon
Danemark
 
Statistiques - réponses
Réponse % Correct
2x Champions du monde (1998, 2018)
2x Vice-champions du monde (2006, 2022)
France
88%
5x Champions du monde (1958, 1962, 1970, 1994, 2002)
2x Vice-champions du monde (1950, 1998)
Brésil
87%
4x Champions du monde (1954, 1974, 1990, 2014)
4x Vice-champions du monde (1966, 1982, 1986, 2002)
Allemagne
86%
1x Champions du monde (2010) Espagne
86%
3x Champions du monde (1978, 1986, 2022)
2x Vice-champions du monde (1990, 2014)
Argentine
85%
4x Champions du monde (1934, 1938, 1982, 2006)
2x Vice-champions du monde (1970, 1994)
Italie
85%
1x Champions du monde (1966) Angleterre
81%
1x Vice-champions du monde (2018)
1x Demi-finales (1998)
3x Phase de groupes ( 2002, 2006, 2014)
Croatie
77%
3x Vice-champions du monde (1974, 1978, 2010)
3x Demi-finales (1994, 1998, 2014)
3x Quarts de finale (1986, 2002, 2022)
Pays-Bas
77%
2x Champions du monde (1930, 1950) Uruguay
75%
1x Vice-champions du monde (1962)
3x Quarts de finale (1934, 1938, 1990)
Tchécoslovaquie
44%
1x Vice-champions du monde (1958)
2x Demi-finales (1984, 2018)
9x Quarts de finale (1934, 1954, 1962, 1966, 1970, 1986, 1998, 2002, 2006)
Suède
38%
2x Vice-champions du monde (1938, 1954)
3x Quarts de finale (1934, 1962, 1986)
8x Phase de groupes (1966, 1974, 1978, 1982, 1994, 1998, 2002, 2006)
Hongrie
36%
Aucun quiz correspondant
Distribution des résultats
% des personnes avec chaque résultat
Percentile par nombre de réponses
Votre historique - résultats
Vous n’avez pas pris ce quiz depuis la dernière actualisation